<?xml version="1.0" encoding="UTF-8"?>
<record
    xmlns:xsi="http://www.w3.org/2001/XMLSchema-instance"
    xsi:schemaLocation="http://www.loc.gov/MARC21/slim http://www.loc.gov/standards/marcxml/schema/MARC21slim.xsd"
    xmlns="http://www.loc.gov/MARC21/slim">

  <leader>01376nam a22001697a 4500</leader>
  <controlfield tag="005">20220214151006.0</controlfield>
  <controlfield tag="008">220214b           ||||| |||| 00| 0 eng d</controlfield>
  <datafield tag="020" ind1=" " ind2=" ">
    <subfield code="a">9780241957776</subfield>
  </datafield>
  <datafield tag="050" ind1=" " ind2=" ">
    <subfield code="a">HD9502.A2 Y47</subfield>
  </datafield>
  <datafield tag="100" ind1=" " ind2=" ">
    <subfield code="9">	Yergin, Daniel </subfield>
    <subfield code="d">2012.</subfield>
  </datafield>
  <datafield tag="245" ind1=" " ind2=" ">
    <subfield code="a">The quest : energy, security and the remaking of the modern world. /</subfield>
    <subfield code="c">	Daniel Yergin</subfield>
  </datafield>
  <datafield tag="260" ind1=" " ind2=" ">
    <subfield code="a">London : </subfield>
    <subfield code="b">Penguin Books, </subfield>
    <subfield code="c">2012.</subfield>
  </datafield>
  <datafield tag="300" ind1=" " ind2=" ">
    <subfield code="a"> ix, 804 p.,</subfield>
    <subfield code="b"> ill., maps ; </subfield>
    <subfield code="c">25 cm</subfield>
  </datafield>
  <datafield tag="500" ind1=" " ind2=" ">
    <subfield code="a">Includes:notes,bibliography and index.</subfield>
  </datafield>
  <datafield tag="505" ind1=" " ind2=" ">
    <subfield code="a">
Russia returns -- The Caspian derby -- Across the Caspian -- "Supermajors" -- The petro-state -- Aggregate disruption -- War in Iraq -- The demand shock -- China's rise -- China in the fast lane -- Is the world running out of oil? -- Unconventional -- The security of energy -- Shifting sands in the Persian Gulf -- Gas on water -- The natural gas revolution -- Alternating currents -- The nuclear cycle -- Breaking the bargain -- Fuel choice -- Glacial change -- The age of discovery -- The road to Rio -- Making a market -- On the global agenda -- In search of consensus -- Rebirth of renewables -- Science experiment -- Alchemy of shining light -- Mystery of wind -- The fifth fuel--efficiency -- Closing the conservation gap -- Carbohydrate man -- Internal fire -- The great electric car experiment -- Conclusion: "A great revolution".</subfield>
  </datafield>
  <datafield tag="942" ind1=" " ind2=" ">
    <subfield code="2">lcc</subfield>
    <subfield code="c">BK</subfield>
  </datafield>
  <datafield tag="999" ind1=" " ind2=" ">
    <subfield code="c">8698</subfield>
    <subfield code="d">16198</subfield>
  </datafield>
  <datafield tag="952" ind1=" " ind2=" ">
    <subfield code="0">0</subfield>
    <subfield code="1">0</subfield>
    <subfield code="2">lcc</subfield>
    <subfield code="4">0</subfield>
    <subfield code="7">0</subfield>
    <subfield code="a">WIUC-1</subfield>
    <subfield code="b">WIUC-1</subfield>
    <subfield code="c">REF</subfield>
    <subfield code="d">2022-02-14</subfield>
    <subfield code="l">0</subfield>
    <subfield code="o">HD9502.A2 Y47</subfield>
    <subfield code="p">9122/592/22</subfield>
    <subfield code="r">2022-02-14 00:00:00</subfield>
    <subfield code="w">2022-02-14</subfield>
    <subfield code="y">BK</subfield>
  </datafield>
</record>
